Železobetónová montovaná nosná konštrukcia haly so žeriavovou dráhou

Gespeichert in:
Bibliographische Detailangaben
1. Verfasser: Vašečková, Alžbeta (Verfasst von)
Weitere Verfasser: Gajdošová, Katarína (Betreuung Doktorarbeit)
Format: Manuskript Buch
Sprache:Slowakisch
Veröffentlicht: 2024
Schlagworte:
Online-Zugang:http://is.stuba.sk/zp/portal_zp.pl?podrobnosti=175894
https://opac.crzp.sk/?fn=detailBiblioForm&sid=24A0BAF10DE628094476E451EC40
Tags: Tag hinzufügen
Keine Tags, Fügen Sie das erste Tag hinzu!

MARC

LEADER 00000ntm a22000003a 4500
001 stuzp99130
003 SK-STU
005 20240930103058.3
007 ta
008 150427s2015----xo-----f-mn---000-0-slo-d
040 |a STU  |b slo 
041 0 |a slo 
100 1 |a Vašečková, Alžbeta  |u 010110  |4 aut  |U SvF Stavebná fakulta  |T SvF Katedra betónových konštrukcií a mostov  |X 98478  |U V110  |Y 11  |7 98478 
242 0 1 |a Reinforced concrete precast load-bearing structure of a hall with crane track  |y eng 
245 1 0 |a Železobetónová montovaná nosná konštrukcia haly so žeriavovou dráhou 
260 |c 2024 
650 4 |a hala  |2 slo 
650 4 |a žeriavová dráha  |2 slo 
650 4 |a nosné konštrukcie  |2 slo 
650 4 |a predpätie  |2 slo 
650 4 |a statický posudok  |2 slo 
650 4 |a hall  |2 eng 
650 4 |a crane runaway  |2 eng 
650 4 |a structural elements  |2 eng 
650 4 |a prestressing  |2 eng 
650 4 |a static assessment  |2 eng 
700 1 |a Gajdošová, Katarína  |u 010110  |k Z1  |4 ths  |U SvF Stavebná fakulta  |T SvF Katedra betónových konštrukcií a mostov  |X 11276  |U V110  |Y 11  |7 A000011276 
856 4 |u http://is.stuba.sk/zp/portal_zp.pl?podrobnosti=175894 
856 4 |u https://opac.crzp.sk/?fn=detailBiblioForm&sid=24A0BAF10DE628094476E451EC40